Digital telephony (Record no. 3592)

000 -LEADER
fixed length control field 00571nam a2200217 a 4500
001 - CONTROL NUMBER
control field 3592
003 - CONTROL NUMBER IDENTIFIER
control field BD-DhUET
008 - FIXED-LENGTH DATA ELEMENTS--GENERAL INFORMATION
fixed length control field 900501s1991 nyua b 001 0 eng
020 ## - INTERNATIONAL STANDARD BOOK NUMBER
International Standard Book Number 0471620564
040 ## - CATALOGING SOURCE
Original cataloging agency DLC
Transcribing agency DLC
Modifying agency BD-DhUET
082 ## - DEWEY DECIMAL CLASSIFICATION NUMBER
Classification number 623.85
Item number BEL/1991
100 ## - MAIN ENTRY--PERSONAL NAME
Personal name Bellamy, John
245 10 - TITLE STATEMENT
Title Digital telephony
250 ## - EDITION STATEMENT
Edition statement 2nd ed.
260 ## - PUBLICATION, DISTRIBUTION, ETC. (IMPRINT)
Place of publication, distribution, etc. New York
Name of publisher, distributor, etc. John wiley & sons
Date of publication, distribution, etc. 1991
300 ## - PHYSICAL DESCRIPTION
Extent xix, 572 p.
Other physical details ill.
Dimensions 25 cm.
490 ## - SERIES STATEMENT
Series statement Wiley Series in telecommunications
504 ## - BIBLIOGRAPHY, ETC. NOTE
Bibliography, etc Includes bibliographies
650 #0 - SUBJECT ADDED ENTRY--TOPICAL TERM
Topical term or geographic name as entry element Digital telephony
942 ## - ADDED ENTRY ELEMENTS (KOHA)
Koha item type General Book
Holdings
Lost status Koha issues (times borrowed) Source of classification or shelving scheme Damaged status Date acquired Koha full call number Koha item type Price effective from Sublocation or collection (holding branch) Copy number Koha date last borrowed Koha normalized classification for sorting Location (home branch) Withdrawn status Not for loan Koha date last seen Shelving location Piece designation (barcode)
 2  2014-11-02623.85/BEL/1991General Book2014-11-02Central Library, BUET12015-10-10623_000000000000000_85BEL1991Central Library, BUET  2016-02-06Circulation section83618
    2014-11-02623.85/BEL/1991General Book2014-11-02Central Library, BUET2 623_000000000000000_85BEL1991Central Library, BUET  2017-08-26Circulation section83620
    2014-11-02623.85/BEL/1991General Book2014-11-02Central Library, BUET3 623_000000000000000_85BEL1991Central Library, BUET  2017-08-16Circulation section83623
 2  2014-11-02623.85/BEL/1991General Book2014-11-02Central Library, BUET42023-03-07623_850000000000000_BEL_1991Central Library, BUET  2024-02-20Circulation section86339
    2015-07-01623.85/BEL/1991Reading Item2015-07-01Central Library, BUET5 623_850000000000000_BEL_1991Central Library, BUET  2015-07-01Reading section87594
    1992-06-06623.85 BEL/1991Rental Item2024-12-09Central Library, BUETক-১ 623_850000000000000_BEL_1991Central Library, BUET  2024-12-09Rental section83563
    1992-06-06623.85 BEL/1991Rental Item2024-12-09Central Library, BUETক-২ 623_850000000000000_BEL_1991Central Library, BUET  2024-12-09Rental section83564
    1992-06-06623.85 BEL/1991Rental Item2024-12-09Central Library, BUETক-৩ 623_850000000000000_BEL_1991Central Library, BUET  2024-12-09Rental section83565
    1992-06-06623.85 BEL/1991Rental Item2024-12-09Central Library, BUETক-৪ 623_850000000000000_BEL_1991Central Library, BUET  2024-12-09Rental section83566
    1992-06-06623.85 BEL/1991Rental Item2024-12-09Central Library, BUETক-৫ 623_850000000000000_BEL_1991Central Library, BUET  2024-12-09Rental section83567
    1992-06-06623.85 BEL/1991Rental Item2024-12-09Central Library, BUETক-৬ 623_850000000000000_BEL_1991Central Library, BUET  2024-12-09Rental section83568
    1992-06-06623.85 BEL/1991Rental Item2024-12-09Central Library, BUETক-৭ 623_850000000000000_BEL_1991Central Library, BUET  2024-12-09Rental section83569
    1992-06-06623.85 BEL/1991Rental Item2024-12-09Central Library, BUETক-৮ 623_850000000000000_BEL_1991Central Library, BUET  2024-12-09Rental section83570
    1992-06-06623.85 BEL/1991Rental Item2024-12-09Central Library, BUETক-৯ 623_850000000000000_BEL_1991Central Library, BUET  2024-12-09Rental section83571
    1992-06-06623.85 BEL/1991Rental Item2024-12-09Central Library, BUETক-১০ 623_850000000000000_BEL_1991Central Library, BUET  2024-12-09Rental section83572
    1992-06-06623.85 BEL/1991Rental Item2024-12-09Central Library, BUETক-১১ 623_850000000000000_BEL_1991Central Library, BUET  2024-12-09Rental section83573
    1992-06-06623.85 BEL/1991Rental Item2024-12-09Central Library, BUETক-১২ 623_850000000000000_BEL_1991Central Library, BUET  2024-12-09Rental section83574
    1992-06-06623.85 BEL/1991Rental Item2024-12-09Central Library, BUETক-১৩ 623_850000000000000_BEL_1991Central Library, BUET  2024-12-09Rental section83575
    1992-06-06623.85 BEL/1991Rental Item2024-12-09Central Library, BUETক-১৪ 623_850000000000000_BEL_1991Central Library, BUET  2024-12-09Rental section83576
    1992-06-06623.85 BEL/1991Rental Item2024-12-09Central Library, BUETক-১৫ 623_850000000000000_BEL_1991Central Library, BUET  2024-12-09Rental section83577